| 000 | 00732cam a2200217 a 4500 | ||
|---|---|---|---|
| 001 | 000004975 | ||
| 005 | 20200929151541.0 | ||
| 008 | 940707s1992 sp 001 p spa | ||
| 020 | _a8478201130 | ||
| 040 |
_aDO-SdBNP _cDLC |
||
| 082 |
_a861.64 _bE79m |
||
| 100 | 1 |
_aEstevan, Manuel, _d1946-1999. _914366 |
|
| 245 | 1 | 0 |
_aMaiuei / _cManuel Estevan. |
| 260 |
_aZaragoza, España : _bInstitución Fernando el Católico, _c1992. |
||
| 300 |
_a57 p. : ; _c25 cm. |
||
| 440 | 0 |
_aSan Jorge ; _v63 _914367 |
|
| 440 | 0 |
_aPublicación de la Institución "Fernándo el Católico" ; _vno. 1.921. _914364 |
|
| 650 | 4 |
_aPoesía española _ySIGLO XX _99197 |
|
| 650 | 4 |
_aLiteratura española _ySIGLO XX _93326 |
|
| 910 | _aCatalogación por copia / LC | ||
| 999 |
_c4781 _d4781 |
||